00345nam a22001217a 450000500170000000800410001704100080005808200080006610000560007424500560013026000290018630000080021520240807150647.0240807b |||||||| |||| 00| 0 eng d aeng bVER aVerma Rajlaxmi-2K201097 & Dr. Sneha Arekar - Guide  aA Study on Onboarding Process of Tekdi Technologies aPune bSPPU cMarch-2022 a61p